4. yıllık değerlendirme (Record no. 8246)
[ view plain ]
| 000 -BAŞLIK | |
|---|---|
| Sabit Uzunlukta Kontrol Alanı | 01039na a2200265 4500 |
| 001 - KONTROL NUMARASI | |
| Denetim Alanı | 18334 |
| 003 - KONTROL NUMARASI IDENTIFIER | |
| Denetim Alanı | MIRAKIL |
| 005 - SON İŞLEM TARİHİ VE ZAMANI | |
| Denetim Alanı | 20181213155205.0 |
| 008 - SABİT-BOY VERİ ELEMANLARI - GENEL BİLGİLER | |
| Sabit Uzunlukta Kontrol Alanı | 161116b tu 000 0 |
| 035 ## - SİSTEM KONTROL NUMARASI | |
| Sistem Kontrol Numarası | 18334 |
| 040 ## - KATALOGLAMA KAYNAK | |
| Orijinal Kataloglama Ajansı | Milas |
| Kataloglama Dili | tur |
| Metne Dönüştürmek Ajansı | TR-AnCHP |
| 041 ## - DİL KODU | |
| Metin / Ses Parça Veya Ayrı Başlığın Dil Kodu | tur |
| 082 ## - DEWEY ONLU SINIFLANDIRMA NUMARASI | |
| Sınıflandırma Numarası | CHP 328.331 |
| Ürün Numarası | G29d 2006 |
| 090 ## - SINIFLAMA NUMARASI | |
| Sınıflama Numarası | CHP 328.331 G29d 2006 |
| 100 ## - ANA GİRİŞ - KİŞİSEL İSİM | |
| Kişisel Ad | Gazalcı, Mustafa |
| Bir Adıyla İlişkilendirilen Başlıklar Ve Kelimeler | TBMM Milli Eğitim, Kültür, Gençlik ve Spor Komisyonu üyesi |
| -- | CHP Denizli Milletvekili |
| 245 ## - BAŞLIK TABLOSU | |
| Başlık | 4. yıllık değerlendirme |
| Başlığın Kalan | 1 Ocak 2006-31 Aralık 2006 |
| Sorumluluk Tablosu, Vb | Mustafa Gazalcı |
| 260 ## - YAYIN, DAĞITIM, VB | |
| Yayın, Dağıtım, Vb Yeri | [y.y.] |
| Yayıncı, Dağıtıcı, Vs Adı | [yayl. y.] |
| Yayın, Dağıtım, Vb Tarihi | [2006] |
| 300 ## - FİZİKSEL TANIM | |
| Kapsam | 64 s. |
| Diğer Fiziksel Ayrıntıları | res. |
| Boyutlar | 21 sm. |
| 505 ## - BİÇİMLENDİRİLDİ İÇİNDEKİLER NOT | |
| Biçimlendirilmiş İçeriği Dikkat | TBMM genel kurulunda konuşma -- yasa önerisi -- Araştırma önergesi -- Soru önergesi -- Basın duyurusu -- Basın toplantısı --televizyon ve radyo |
| 600 ## - KONU KATMA GİRİŞ - KURUMSAL ADI | |
| Kişisel Ad | Gazalcı, Mustafa |
| Genel Alt Bölümü | Basın |
| 600 ## - KONU KATMA GİRİŞ - KURUMSAL ADI | |
| Kişisel Ad | Gazalcı, Mustafa |
| Genel Alt Bölümü | Çalışma raporları |
| 600 ## - KONU KATMA GİRİŞ - KURUMSAL ADI | |
| Kişisel Ad | Gazalcı, Mustafa |
| Başlıklar Ve Bir Adla İlişkili Diğer Kelimeler | CHP Denizli Milletvekili |
| Genel Alt Bölümü | Meclis çalışmaları |
| 610 ## - KONU KATMA GİRİŞ - TOPLANTI ADI | |
| Giriş Elemanı Olarak Kurumsal Ad Veya Yargı Alanı Adı | CHP |
| Genel Alt Bölüm | TBMM |
| Kronolojik Alt Bölüm | Önergeler |
| 942 ## - EKLENDİ GİRİŞ ELEMANLARI (KOHA) | |
| Sınıflandırma Veya Raf Düzeni Kaynak | Dewey Decimal Classification |
| Koha Öğesi Türü | Books |
| 999 ## - SİSTEM KONTROL NUMARALARI (KOHA) | |
| Koha Biblionumber | 8246 |
| Koha Biblioitemnumber | 8246 |
| Kalıcı Konum | Mevcut Konum | Edinme Tarihi | Edinim Kaynak | Toplam Check-Out'Lar | Tam Çağrı Numarası | Barkod | Tarih Son Görülme | İtibaren Geçerli Fiyatlar | Koha Öğesi Türü | Kopya Sayısı | Kullanım Kısıtlamaları | Kodlu Konum Eleme |
|---|---|---|---|---|---|---|---|---|---|---|---|---|
| CHP Kütüphanesi | CHP Kütüphanesi | 11/16/2016 | Bağış | CHP 328.331 G29d 2006 | 010012 | 11/16/2016 | 11/16/2016 | Books | ||||
| CHP Kütüphanesi | CHP Kütüphanesi | 11/16/2016 | Bağış | CHP 328.331 G29d 2006 | 010013 | 11/16/2016 | 11/16/2016 | Books | k.2 | |||
| CHP Kütüphanesi | CHP Kütüphanesi | 11/16/2016 | Bağış | CHP 328.331 G29d 2006 | 010014 | 11/16/2016 | 11/16/2016 | Books | k.3 | |||
| CHP Kütüphanesi | CHP Kütüphanesi | 03/02/2017 | Bağış | CHP 328.331 G29d 2006 | 016792 | 03/02/2017 | 03/02/2017 | Books | k.4 | Kütüphane dışına çıkarılamaz | CHP |
